| 000 | 00595nam a22002177i 4500 | ||
|---|---|---|---|
| 003 | URS | ||
| 005 | 20220114152621.0 | ||
| 008 | 170309b xxu||||| |||| 00| 0 eng d | ||
| 020 | _a0140620850 | ||
| 040 |
_erda _cURSP-College Library _beng |
||
| 050 | 0 | 0 | _bT32 1994 |
| 100 | 1 | _aThackeray, William Makepeace | |
| 245 |
_aVanity Fair _cWilliam Makepeace Thackeray |
||
| 264 | 1 |
_aLondon _bPenguin Books _c1994. |
|
| 300 |
_a672pages _c18cm. |
||
| 336 |
_atext _btxt _2rdacontent |
||
| 337 |
_aunmediated _bn _2rdamedia |
||
| 338 |
_avolume _bnc _2rdacarrier |
||
| 500 | _aIncludes | ||
| 942 |
_2lcc _cFR |
||
| 999 |
_c7071 _d7071 |
||